Mission as an ecclesiological theme (Registro nro. 70508)
[ vista simple ]
| 000 -LÍDER | |
|---|---|
| Campo fijo de descripción fija | 01136nab a2200241 i 4500 |
| 001 - NÚMERO DE CONTROL | |
| Campo de control | 768714001 |
| 003 - IDENTIFICADOR DEL NÚMERO DE CONTROL | |
| Campo de control | CO-MdFUSB |
| 005 - FECHA Y HORA DE LA ULTIMA TRANSACCIÓN | |
| control field | 20240717161419.0 |
| 008 - ELEMENTOS DE LONGITUD FIJA -- INFORMACIÓN GENERAL | |
| Campo fijo de descripción fija -- Información general | 240717t1966 enk||||| |||| 00| 0 eng d |
| 040 ## - FUENTE DE CATALOGACIÓN | |
| Idioma de catalogación | spa |
| Agencia que realiza la transcripción | CO-MdFUSB |
| Agencia que realiza la modificación | CO-MdFUSB |
| 041 ## - CÓDIGO DE IDIOMA | |
| Código de idioma para texto/pista de sonido o título separado | eng |
| 100 ## - ASIENTO PRINCIPAL--NOMBRE PERSONAL | |
| Nombre personal | Le Guillou, M.-J. |
| Término relacionador | autor |
| 245 ## - TÍTULO | |
| Título | Mission as an ecclesiological theme |
| Mención de responsabilidad | / M.-J. Le Guillou, O.P. |
| 520 ## - NOTA DE RESUMEN, ETC. | |
| Nota de sumario, etc. | La importancia de la misión como tema eclesiológico quedará claro estudiando los siguientes puntos: la posición de la eclesiología a principios del siglo XX; la misión y la actitud de los papas como factores eclesiales; el surgimiento de la misión como tema eclesiológico; y, por último, la extensión de la idea de misión. |
| 546 ## - NOTA DE IDIOMA | |
| Nota de idioma | Texto en inglés. |
| 650 #7 - ASIENTO SECUNDARIO DE MATERIA - TERMINO TEMÁTICO | |
| Término temático o nombre geográfico como elemento de entrada | Iglesia |
| 9 (RLIN) | 655 |
| 650 #7 - ASIENTO SECUNDARIO DE MATERIA - TERMINO TEMÁTICO | |
| Término temático o nombre geográfico como elemento de entrada | Teología dogmática |
| 9 (RLIN) | 6937 |
| 650 #0 - ASIENTO SECUNDARIO DE MATERIA - TERMINO TEMÁTICO | |
| Término temático o nombre geográfico como elemento de entrada | Misiones |
| 9 (RLIN) | 154 |
| 650 #7 - ASIENTO SECUNDARIO DE MATERIA - TERMINO TEMÁTICO | |
| Término temático o nombre geográfico como elemento de entrada | Teología pastoral |
| 9 (RLIN) | 227 |
| 773 0# - ASIENTO DE ITEM FUENTE | |
| Biblionumber | 70507 |
| Itemnumber | 82827 |
| Lugar, editorial y fecha de publicación | Londres : Board, 1966. |
| Otro identificador del ítem | R2679 |
| Título | Concilium : |
| Número de control del registro | (CO-MdFUSB)768714001 |
| Número Internacional Normalizado para Publicaciones Seriadas (ISSN) | 0010-5236 |
| Parte(s) relacionada(s) / Volumen., número. (mes año), páginas | Volumen 3, (número 2, 1967), páginas: 43 - 67 |
| Enumeración y primera página | página: 43 |
| 942 ## - TIPO DE MATERIAL (KOHA) | |
| Tipo de Item KOHA | Artículos de Revista |
| 945 ## - INFORMACIÓN LOCAL DEL REGISTRO | |
| Catalogador | Catherine Arias Álvarez - Practicante SENA |
No hay ítems disponibles.
